| 000 | 00842cab a2200241 4500 | ||
|---|---|---|---|
| 001 | WB3501-32 | ||
| 008 | 090401t1998 xxu||||| |||| 00| 0 eng d | ||
| 035 | _a(Sirsi) u90436 | ||
| 041 | _aeng | ||
| 245 | _aFunding for housing | ||
| 260 | _c1998 | ||
| 350 | _a0 | ||
| 490 |
_aDETR News Release _v(1094) 17 December 1998 (3) |
||
| 520 | _aThe Housing Minister announces a £1.4bn package of resources for investment in housing by local authorities for 1999/2000, including nearly £840m from the Housing Investment Programme and £570m from the Capital Receipts Initiative. | ||
| 650 | _aCAPITAL RECEIPTS INITIATIVE | ||
| 650 | _aFUNDING | ||
| 650 | _aHOUSING INVESTMENT PROGRAMME | ||
| 650 | _aLOCAL AUTHORITIES | ||
| 650 | _aLOCAL AUTHORITY HOUSING | ||
| 690 | _aHOUSING-HOUSING FINANCE | ||
| 942 | _n0 | ||
| 948 | _c22/12/1998 | ||
| 999 |
_c57341 _d57341 |
||